Les Filigranes (Record no. 1747)

MARC details
000 -CABECERA
campo de control de longitud fija 00732nam a2200217 a 4500
001 - NÚMERO DE CONTROL
campo de control BRCA_1978
005 - FECHA Y HORA DE LA ÚLTIMA TRANSACCIÓN
campo de control 20190320203625.0
008 - DATOS DE LONGITUD FIJA--INFORMACIÓN GENERAL
campo de control de longitud fija 101005s1966----nyua---###---#000-0#eng-#
050 #4 - SIGNATURA TOPOGRÁFICA DE LA BIBLIOTECA DEL CONGRESO
Número de clasificación Z237
Número de documento/Ítem .B75 1966
100 1# - ENTRADA PRINCIPAL--NOMBRE DE PERSONA
Nombre de persona Briquet, Charles Moise
Fechas asociadas al nombre 1839-1918
9 (RLIN) 6070
245 10 - MENCIÓN DE TÍTULO
Título Les Filigranes
Resto del título Dictionnaire Historique des Marques du Papier, dès Leur Apparition vers 1282 Jusqu´en 1600
Mención de responsabilidad, etc. C. M. Briquet.
250 ## - MENCIÓN DE EDICIÓN
Mención de edición 10
260 ## - PUBLICACIÓN, DISTRIBUCIÓN, ETC.
Lugar de publicación, distribución, etc. New York
Nombre del editor, distribuidor, etc. Hacker Art Books
Fecha de publicación, distribución, etc. 1966
300 ## - DESCRIPCIÓN FÍSICA
Extensión 4 v.
Otras características físicas il.
Dimensiones 32 cm.
504 ## - NOTA DE BIBLIOGRAFÍA, ETC.
Nota de bibliografía, etc. Bibliografía : p. [VIII]-X (v.1)
505 0# - NOTA DE CONTENIDO CON FORMATO
Nota de contenido con formato Contenido : v.1. A-Ch. -- v.2. Ci-K. -- v.3. L-O. -- v.4. P-Z
650 14 - PUNTO DE ACCESO ADICIONAL DE MATERIA--TÉRMINO DE MATERIA
Término de materia o nombre geográfico como elemento de entrada Marcas de agua
9 (RLIN) 6071
653 0# - TÉRMINO DE INDIZACIÓN--NO CONTROLADO
Término no controlado Filigranas en papel
902 ## - CATALOGADOR
Iniciales REF
942 ## - ELEMENTOS DE PUNTO DE ACCESO ADICIONAL (KOHA)
Fuente del sistema de clasificación o colocación Library of Congress Classification
Tipo de ítem Koha Libros
Holdings
Estado de retiro Estado de pérdida Estado dañado No para préstamo Localización permanente Ubicación/localización actual Fecha de adquisición Total de préstamos Signatura topográfica completa Código de barras Fecha visto por última vez Precio válido a partir de Tipo de ítem Koha Código de colección
El ejemplar forma parte de la colección y puede ser consultado según las políticas vigentes.       Biblioteca del Museo Franz Mayer (Rogerio Casas-Alatriste) Biblioteca del Museo Franz Mayer (Rogerio Casas-Alatriste) 30/07/2008   Z237 .B75 1966 REF00134 22/03/2019 22/03/2019 Libros  
El ejemplar forma parte de la colección y puede ser consultado según las políticas vigentes.       Biblioteca del Museo Franz Mayer (Rogerio Casas-Alatriste) Biblioteca del Museo Franz Mayer (Rogerio Casas-Alatriste) 18/11/2010   Z237 .B75 1966 REF00135 22/03/2019 22/03/2019 Libros Referencia Acervo General
El ejemplar forma parte de la colección y puede ser consultado según las políticas vigentes.       Biblioteca del Museo Franz Mayer (Rogerio Casas-Alatriste) Biblioteca del Museo Franz Mayer (Rogerio Casas-Alatriste) 18/11/2010   Z237 .B75 1966 REF00136 22/03/2019 22/03/2019 Libros Referencia Acervo General
El ejemplar forma parte de la colección y puede ser consultado según las políticas vigentes.       Biblioteca del Museo Franz Mayer (Rogerio Casas-Alatriste) Biblioteca del Museo Franz Mayer (Rogerio Casas-Alatriste) 18/11/2010   Z237 .B75 1966 REF00137 22/03/2019 22/03/2019 Libros Referencia Acervo General